00677nam a2200145 4500008004100000020001500041082001500056110005800071245011500129260006600244300003200310650008100342650006400423650004400487240109b |||||||| |||| 00| 0 eng d a9551700163 a324.6bPEO aPeople's Action for Free and Fair Elections (PAFFREL) a Final report on the elections for the North-Central and Sabaragamuwa Provincial Councils : b23rd August 2008 aColombo:bPeople's Action for Free and Fair Elections, c2008 a 30 p. : ill., maps ; 31 cm aElection monitoring- Sri Lanka -North Central Province-Sabaragamuwa Province aElections Observation-Sri Lanka- North Central-Sabaragamuwa aProvincial Council Elections- Sri Lanka